000 00579nam a22002177a 4500
005 20260515160952.0
008 260515b |||||||| |||| 00| 0 eng d
020 _a9789353506261
_c850.00
040 _aMAIN
041 _aEnglish
082 _a005.8
_bNEL
100 _aNelson, Bill
_926827
245 _aGuide to Computer Forensics and Investigations
250 _a6th
260 _aAustralia
_bCengage
_c2025
300 _a738
650 _aComputer Science (PM (USHA)
_926808
700 _aPhillips, Amelia
_926828
700 _aStuart, Chris
_926829
942 _cBK
999 _c60808
_d60808